The leader's guide to managing people : how to use soft skills to get hard result

Bibliographic Details
Main Author: Brent, Mike
Other Authors: Dent, Fiona Elsa
Format: Book
Language:English
Published: Harlow,UK : Pearson , 2014
Subjects:

MARC

LEADER 00000cam a2200000 7i4500
001 0000026607
005 20151111.0
008 09112015 xxk# eng
020 |a 9780273779452 ,   |c RM79.50 
040 |a INS 
090 0 0 |a HD57.7   |b B74 2014 
100 1 |a Brent, Mike 
245 1 0 |a The leader's guide to managing people :   |b how to use soft skills to get hard result   |c Mike Brent and Fiona Elsa Dent 
260 |a Harlow,UK :   |b Pearson ,   |c 2014 
300 |a xxi,239p. ;   |c 21cm. 
500 |a Includes references and index 
650 0 |a Communication in management 
650 0 |a Interpersonal relations 
650 0 |a Leadership 
650 0 |a Personnel management 
650 0 |a Teams in the workplace   |x Management 
700 1 |a Dent, Fiona Elsa 
999 |a 1000002357   |b BOOK   |c Open Shelf   |e Default branch